| 000 | 00503nam a2200193Ia 4500 | ||
|---|---|---|---|
| 005 | 20250425162701.0 | ||
| 008 | 250425s9999 xx 000 0 und d | ||
| 041 | _aeng | ||
| 082 | _a333.954 | ||
| 100 | _aJOHNSON, WAYNON W | ||
| 245 | 0 | _aHANDBOOK OF ACUTE TOXICITY OF CHEMICALS TO FISH AND AQUATIC | |
| 250 | _aS.E | ||
| 260 |
_aEstados Unidos _bUNITED STATES DEPARTMENT OF THE INTERIOR _c1980 |
||
| 260 | _aNEW YORK | ||
| 300 | _a98 | ||
| 650 | _aTOXICIDAD | ||
| 942 | _c01 | ||
| 010 | _a96573 | ||
| 999 |
_c234277 _d234277 |
||